Score 0/20 Timer 04:00
0 Plays Today
Song Title Missing Word % Correct
_____ Is in the AirLove
93.4%
Down _____Under
90.5%
Somebody That I ____ to KnowUsed
84.8%
I'll _____ Find Another YouNever
80.2%
Truly _____ DeeplyMadly
76.1%
You _____ Me All Night LongShook
74.9%
I Should Be So _____Lucky
72.6%
_____ Talkin'Jive
62%
I Am _____Woman
60.6%
A Pub with No _____Beer
58.1%
Song Title Missing Word % Correct
Need You _____Tonight
56.1%
I _____ MyselfTouch
55.5%
Working Class _____Man
54.3%
Beds Are _____Burning
51.8%
Cheap _____Thrills
38.6%
Voodoo _____Child
30.9%
You're the _____Voice
27%
Walking on a _____Dream
25.4%
_____ on My MindFriday
24.2%
She Looks So _____Perfect
20.4%

Today's Daily Dose

Remove Ads.
Support Sporcle.
Get the best of Sporcle when you Go Orange. This ad-free experience offers more features, more stats, and more fun while also helping to support Sporcle. Thank you for becoming a member.

You're not logged in!

Compare scores with friends on all Sporcle quizzes.
OR
Log In

Show Comments

Extras

Top Quizzes Today


Score Distribution

Your Account Isn't Verified!

In order to create a playlist on Sporcle, you need to verify the email address you used during registration. Go to your Sporcle Settings to finish the process.

Report this User

Report this user for behavior that violates our Community Guidelines.

Details: